The Virgin Mary Across Cultures : Devotion among Costa Rican Catholic and Finnish Orthodox Women.

This book examines women's relationship to the Virgin Mary in two different cultural and religious contexts and compares how these relationships have been analysed and explained on a theological and a sociological level.

Bibliographic Details
Main Author: Vuola, Elina.
Format: eBook
Language:English
Published: Milton : Taylor & Francis Group, 2019.
Edition:1st ed.
Subjects:
Online Access:Click to View
LEADER 01713nam a22003733i 4500
001 EBC7245080
003 MiAaPQ
005 20231204023229.0
006 m o d |
007 cr cnu||||||||
008 231204s2019 xx o ||||0 eng d
020 |a 9781351607353  |q (electronic bk.) 
020 |z 9781138092334 
035 |a (MiAaPQ)EBC7245080 
035 |a (Au-PeEL)EBL7245080 
035 |a (OCoLC)1378934165 
040 |a MiAaPQ  |b eng  |e rda  |e pn  |c MiAaPQ  |d MiAaPQ 
082 0 |a 232.91094897 
100 1 |a Vuola, Elina. 
245 1 4 |a The Virgin Mary Across Cultures :  |b Devotion among Costa Rican Catholic and Finnish Orthodox Women. 
250 |a 1st ed. 
264 1 |a Milton :  |b Taylor & Francis Group,  |c 2019. 
264 4 |c Ã2019. 
300 |a 1 online resource (205 pages) 
336 |a text  |b txt  |2 rdacontent 
337 |a computer  |b c  |2 rdamedia 
338 |a online resource  |b cr  |2 rdacarrier 
520 |a This book examines women's relationship to the Virgin Mary in two different cultural and religious contexts and compares how these relationships have been analysed and explained on a theological and a sociological level. 
588 |a Description based on publisher supplied metadata and other sources. 
590 |a Electronic reproduction. Ann Arbor, Michigan : ProQuest Ebook Central, 2023. Available via World Wide Web. Access may be limited to ProQuest Ebook Central affiliated libraries.  
655 4 |a Electronic books. 
776 0 8 |i Print version:  |a Vuola, Elina  |t The Virgin Mary Across Cultures  |d Milton : Taylor & Francis Group,c2019  |z 9781138092334 
797 2 |a ProQuest (Firm) 
856 4 0 |u https://ebookcentral.proquest.com/lib/matrademy/detail.action?docID=7245080  |z Click to View